Les chansons les plus vues sur youtube - Statistiques

Statistiques générales
  • Ce quiz a été pris 164 fois
  • Le résultat moyen est 10 sur 29
Statistiques - réponses
Chanteur(s) Nombre de vues
(en milliard)
Chanson % Correct
Luis Fonsi, Daddy Yankee 8,4 Despacito
89%
Ed Sheeran 6,2 Shape of You
80%
Wiz Khalifa, Charlie Puth 6,2 See You Again
69%
Justin Bieber, Ludacris 3,1 Baby
67%
Shakira 3,9 Waka Waka
62%
PSY 5,1 GANGNAM STYLE
61%
Katy Pery 4 Roar
52%
Adele 3,1 Hello
48%
Mark Ronson, Bruno Mars 5,2 Uptown Funk
47%
Maroon 5 4 Sugar
41%
Major Lazer, DJ Snake, MO 3,6 Lean On
37%
Taylor Swift 3,4 Shake It Off
37%
Justin Bieber 3,8 Sorry
37%
Ed Sheeran 3,7 Perfect
32%
Alan Walker 3,6 Faded
30%
Passenger 3,6 Let Her Go
25%
OneRepublic 4 Counting Stars
24%
Katy Pery, Juicy 3,7 Dark Horse
23%
Taylor Swift 3,4 Blank Space
20%
Charlie Puth, Selena Gomez 3,1 We Don't Talk Anymore
20%
Dua Lipa 3 New Rules
18%
Clean Bandit, Sean Paul, Anne Marie 2,9 Rockabye
18%
J Balvin, Willy William 3,3 Mi Gente
14%
Shakira, Maluma 2,9 Chantaje
13%
Maroon 5 3,6 Girls Like You
13%
Ed Sheeran 3,7 Thinking Out Loud
13%
Enrique Iglesias, Descember Bueno, Gente De Zona 3,5 Bailando
11%
Chainsmokers, Halsey 3 Closer
11%
Pedro Capo, Farruko 2,8 Calma
8%
Aucun quiz correspondant
Distribution des résultats
% des personnes avec chaque résultat
Percentile par nombre de réponses
Votre historique - résultats
Vous n’avez pas pris ce quiz